000 00855nam a22002057a 4500
999 _c5502
_d5502
003 AR-CdUCM
008 190312b ||||| |||| 00| 0 spa d
040 _aMUNICIPALIDAD PROVINCIAL DEL CUSCO
_cBIBLIOTECA MUNICIPAL DEL CUSCO
082 _a349.3 /
_bL55
110 _aRepública Federal de Alemania.
_916504
245 _aLeyes de radiodifusión :
_bmateriales sobre política sociedad en la República Federal de Alemania /
260 _aAlemania :
_bInter Nationes,
_c1979.
300 _a72 páginas ;
_c21 cm.
505 _aContenido: Las radiodifusoras -- Forma jurídica de las corporaciones de radiodifusión -- Órganos de las corporaciones de radiodifusión -- Tareas de las corporaciones de radiodifusión ...
650 _aRadiodifusión
_916505
650 _aAlemania
_91327
650 _aLeyes
_94808
942 _2ddc
_cLIBROS
945 _aachl